Normal view
MARC view
- Tersine, Richard J.
Entry Personal Name
001 - CONTROL NUMBER
- control field: 2292
003 - CONTROL NUMBER IDENTIFIER
- control field: NUST
005 - DATE AND TIME OF LATEST TRANSACTION
- control field: 20170608122601.0
008 - FIXED-LENGTH DATA ELEMENTS
- fixed length control field: 170608|| aca||aabn | a|a d
040 ## - CATALOGING SOURCE
- Original cataloging agency: NUST
- Transcribing agency: NUST
100 ## - HEADING--PERSONAL NAME
- Personal name: Tersine, Richard J.
670 ## - SOURCE DATA FOUND
- Source citation: Work cat.: (NUST)23744: Tersine, Richard J., Principles of inventory and materials management /, c1994.
